000 00515nam a2200181 a 4500
001 000043157
005 20201002040700.0
008 140220s1990 ag a 001 0 spa d
020 _a9506990255
040 _aDO-SdBNP
_bspa
_cBNPHU
100 1 _aGasparini, Juan.
_970720
245 1 3 _aEl Crímen de Graiver /
_cJuan Gasparini.
260 _aBuenos Aires, Argentina :
_bEdiciones Zeta,
_c1990.
300 _a357 p. :
_bil. ;
_c23 cm.
490 1 _aReporter
500 _aIncluye índice
830 0 _aReporter
_970721
999 _c42646
_d42646